| 000 | 00610nam a22002057a 4500 | ||
|---|---|---|---|
| 999 |
_c9272 _d9272 |
||
| 003 | AR-CdUCM | ||
| 008 | 190327b ||||| |||| 00| 0 spa d | ||
| 040 |
_aMUNICIPALIDAD PROVINCIAL DEL CUSCO _cBIBLIOTECA MUNICIPAL DEL CUSCO |
||
| 082 |
_a869.5 / _bSA18 |
||
| 100 |
_aSalazar Bondy, Sebastian _9906 |
||
| 245 | _aConfidencia en alta voz / | ||
| 260 |
_aLima : _bEdiciones vida y palabra, _c1960. |
||
| 300 |
_a93 páginas ; _c17 cm. |
||
| 500 | _aDedicatoria a Luis Nieto. | ||
| 650 |
_aPoesía _9139 |
||
| 650 |
_aLiteratura peruana _9169 |
||
| 650 |
_aSiglo XX _98 |
||
| 942 |
_2ddc _cLIBROS |
||
| 945 | _azta | ||